000 00819nam a2200241 a 4500
001 65387
003 BD-RjUL
005 20211209081424.0
008 170305s1951 ii b ab 001 0 eng
035 _a(BD-RjUL)65517
040 _aDLC
_cDLC
_beng
_dBD-RjUL
041 _aeng
082 _223
_a954.0298092
_bKHH 1951
100 1 _aKhan Mohibbul Hasan,
_9193508
245 1 0 _aHistory of Tipu Sultan /
_cby Mohibbul Hasan Khan.
260 _aCalcutta :
_bBibliophile Ltd.,
_c1951.
300 _aix, 434 p. :
_bill, ;
_c22 cm.
504 _aIncludes bibliographical references and index.
600 2 0 _aTipu Sultan, Fath ʻAli,
_cNawab of Mysore,
_d1753-1799.
_9194023
651 0 _aKarnataka (India)
_xHistory.
_9193510
830 0 _aSAMP early 20th-century Indian books project ;
_vitem 10384.
_9194024
942 _2ddc
_cBK
999 _c65387
_d65387